|
|
|
|
| LEADER |
00000cam a2200000 7i4500 |
| 001 |
0000012360 |
| 005 |
20150201.0 |
| 008 |
071213 |
| 020 |
|
|
|a 9833710417
|
| 090 |
0 |
0 |
|a 158.1
|b ALL
|
| 100 |
1 |
|
|a Allen, James
|
| 245 |
1 |
0 |
|a Eight pillars of Prosperity
|c James Allen
|
| 260 |
|
|
|a Selangor :
|b Masterpiece Publication ,
|c 2006
|
| 650 |
|
0 |
|a Conduct of life
|
| 650 |
|
0 |
|a English fiction
|
| 650 |
|
0 |
|a Motivation (Psychology)
|
| 710 |
0 |
|
|a Title
|
| 999 |
|
|
|a 0001020252
|b Book
|c Adult Collection
|e Perbadanan Perpustakaan Awam Johor
|
| 999 |
|
|
|a 0001058044
|b Book
|c Adult Collection
|e Perbadanan Perpustakaan Awam Johor
|
| 999 |
|
|
|a 0001151664
|b Book
|c Adult Collection
|e Cawangan Pontian
|
| 999 |
|
|
|a 0001151665
|b Book
|c Adult Collection
|e Cawangan Mersing
|
| 999 |
|
|
|a 0001151666
|b Book
|c Adult Collection
|e Cawangan Bandar Tenggara
|
| 999 |
|
|
|a 0001151667
|b Book
|c Adult Collection
|e Cawangan Tangkak
|